000 00676nam a2200253Ia 4500
003 OSt
005 20221006143316.0
006 a|||||r|||| 00| 0
007 ta
008 221006b |||||||| |||| 00| 0 eng d
020 _a9781858980171
_cP45.00
024 _a8,610
037 _cTextual
040 _aEASL
_cEASL
_beng
041 _2eng
_aeng
082 _aX8(F).49B, N5
100 _aHOBDAY Michael
_9291879
245 0 _aInnovation in Eastasia
_b The challenge to Jaapn
260 _aEngland
_bEdward Elgar
_c1995
300 _a224p.
_ccm.
490 _v Oth
942 _hX8(F).49B, N5
_cTEXL
_2CC
999 _c1076696
_d1076696